<The> Foreign policy of the United States towards Tunisia in the context of challenges posed by the Arab Spring

Tunisko v zahraničnej politike Spojených štátov pred arabskou jarou. Pozícia Spojených štátov voči výzvam ktorú predstavuje arabská jar v Tunisku. Postoj Spojených štátov k transformácii Tuniska po arabskej jari a pokusmi pri islamizácii Tuniska.

Salvato in:
Dettagli Bibliografici
Autore principale: Czornik, Katarzyna
Natura: Capitolo di libro
Lingua:inglese
Soggetti:
Tags: Aggiungi Tag
Nessun Tag, puoi essere il primo ad aggiungerne!!

MARC

LEADER 00000naa a2200000 4500
001 0236801
005 20220805074238.7
041 0 |a eng 
044 |a SK 
245 1 0 |a <The> Foreign policy of the United States towards Tunisia in the context of challenges posed by the Arab Spring  |c Katarzyna Czornik 
520 |a Tunisko v zahraničnej politike Spojených štátov pred arabskou jarou. Pozícia Spojených štátov voči výzvam ktorú predstavuje arabská jar v Tunisku. Postoj Spojených štátov k transformácii Tuniska po arabskej jari a pokusmi pri islamizácii Tuniska. 
610 2 0 |a USA 
610 2 0 |a Tunisko 
610 2 0 |a transformácia 
610 2 0 |a politika vnútorná 
610 2 0 |a vzťahy hospodárske vonkajšie 
100 1 |a Czornik, Katarzyna